[Event "Munich-ch VM1"]
[Site "Munich"]
[Date "2005.02.19"]
[Round "5"]
[White "Osthoff, Michael"]
[Black "Gerlach, Peter"]
[Result "1-0"]
[WhiteElo "2146"]
[BlackElo "2084"]
[PlyCount "45"]
[EventDate "2005.01.21"]
[EventType "tourn"]
[EventRounds "9"]
[EventCountry "GER"]
[SourceTitle "EXT 2007"]
[Source "ChessBase"]
[SourceDate "2006.11.23"]
[SourceVersion "1"]
[SourceVersionDate "2006.11.23"]
[SourceQuality "1"]

1. d4 d5 2. c4 e6 3. Nc3 Nf6 4. Nf3 c6 5. e3 Nbd7 6. Bd3 Bd6 7. 0-0 0-0 8. e4 dxe4 9. Nxe4 Nxe4 10. Bxe4 Nf6 11. Bc2 h6 12. Qd3 Qc7 13. Re1 Bf4 14. Ne5 Bxc1 15. Raxc1 c5 16. Ng4 Rd8 17. Nxf6+ gxf6 18. Qh7+ Kf8 19. d5 Qf4 20. Rcd1 Qg5 21. Qh8+ Qg8 22. Qxf6 Bd7 23. dxe6 1-0

[Event "Munich-ch VM1"]
[Site "Munich"]
[Date "2005.01.21"]
[Round "2"]
[White "Schmitzer, Peter"]
[Black "Gerlach, Peter"]
[Result "1-0"]
[WhiteElo "2142"]
[BlackElo "2084"]
[PlyCount "67"]
[EventDate "2005.01.21"]
[EventType "tourn"]
[EventRounds "9"]
[EventCountry "GER"]
[SourceTitle "EXT 2007"]
[Source "ChessBase"]
[SourceDate "2006.11.23"]
[SourceVersion "1"]
[SourceVersionDate "2006.11.23"]
[SourceQuality "1"]

1. d4 d5 2. c4 e6 3. Nc3 Nf6 4. Nf3 Be7 5. g3 0-0 6. Bg2 Nbd7 7. 0-0 b6 8. cxd5 exd5 9. Ne5 Bb7 10. Qa4 Nxe5 11. dxe5 Ne8 12. Rd1 c6 13. b4 Qc7 14. b5 cxb5 15. Nxb5 Qxe5 16. Bf4 Qe6 17. Nd4 Qf6 18. Qd7 Ba6 19. Nc6 Bc5 20. e3 Bb5 21. Bxd5 Ba4 22. Be5 Qg5 23. h4 Qh5 24. Ne7+ Bxe7 25. Qxa4 Rd8 26. Qf4 Nf6 27. Bf3 Qg6 28. Rac1 Rxd1+ 29. Bxd1 Qd3 30. Bb3 Qe2 31. Rc7 Nh5 32. Qe4 Nf6 33. Bxf6 Bxf6 34. Rxf7 1-0

[Event "Regionalliga SW 9899"]
[Site "Bayern"]
[Date "1998.??.??"]
[Round "3.7"]
[White "Marschner, Guenter"]
[Black "Gerlach, Peter"]
[Result "0-1"]
[WhiteElo "1920"]
[BlackElo "1950"]
[PlyCount "121"]
[EventDate "1998.??.??"]
[EventType "team-tourn"]
[EventRounds "9"]
[EventCountry "GER"]
[SourceTitle "EXT 2020"]
[Source "ChessBase"]
[SourceDate "2019.10.17"]
[SourceVersion "1"]
[SourceVersionDate "2019.10.17"]
[SourceQuality "1"]
[WhiteTeam "Sonthofen"]
[BlackTeam "Haar"]
[WhiteTeamCountry "GER"]
[BlackTeamCountry "GER"]

1. e4 e6 2. d3 d5 3. Nd2 c5 4. g3 Nc6 5. Bg2 Nf6 6. Ngf3 Be7 7. Qe2 d4 8. 0-0 e5 9. h3 0-0 10. Kh2 Qc7 11. Ng1 g6 12. Ndf3 Nh5 13. Bh6 Ng7 14. Rae1 Bd7 15. Nd2 Rae8 16. f4 f6 17. Ngf3 b5 18. fxe5 fxe5 19. Ng5 Nd8 20. Rxf8+ Rxf8 21. Rf1 Nde6 22. Rxf8+ Nxf8 23. Ndf3 c4 24. Qf1 Be8 25. dxc4 bxc4 26. Nd2 Bxg5 27. Bxg5 Bf7 28. Nf3 Nge6 29. Bh6 Nd7 30. h4 Qc6 31. Ng5 Nxg5 32. Bxg5 Kg7 33. Qf3 Be6 34. h5 h6 35. Bd2 g5 36. Qa3 Qc5 37. Bb4 Qb6 38. Ba5 Qc6 39. Qe7+ Bf7 40. Bh3 Nf8 41. Qxe5+ Qf6 42. Qxf6+ Kxf6 43. Bb4 Ne6 44. Bf1 Bxh5 45. Bxc4 Bf3 46. c3 Bxe4 47. cxd4 Nxd4 48. Bc3 Ke5 49. Kg1 Bd5 50. Bxd5 Kxd5 51. Kf2 Ke4 52. Bb4 g4 53. Bc5 a6 54. b4 Ne6 55. Be3 h5 56. a4 Kd5 57. b5 axb5 58. axb5 Nd8 59. Bb6 Nb7 60. Bc7 Kc4 61. Ke3 0-1